000 01009nam a22002657a 4500
999 _c65989
_d65989
005 20240530110853.0
008 201102s2018 ua a g b 000 0dara d
017 _a2018/13065
_bمصر. دار الكتب
020 _a9789773194239
040 _aEG-CaGPL
_cEG-CaGPL
082 0 4 _221
_a364.154/
_bب م
100 1 _aباور ، فولفجانج
245 1 2 _aالمختطفات :
_bشهادات غتيات " بوكو حرام " /
_cفولفجانج باور ؛ ترجمة علا عادل
250 _aط.1
260 _aالقاهرة :
_bالعربى للنشر و التوزيع،
_c2018
300 _a287 ص. ؛
_c20 سم.
504 _aيشتمل على ارجاعات ببليوجرافية
650 0 7 _2qrmak
_aجرائم ضد الانسانية
650 0 7 _aحقوق المراة
651 0 7 _2qrmak
_aنيجيريا
_xخرائط
651 0 7 _aبيجيريا
_2qrmak
700 0 _aعلا عادل
_eمترجم
942 _2ddc
_cBK